Rekapitalizácia bánk a palebná sila eurovalu

Októbrový summit najvyšších predstaviteľov únie schválil konkrétne opatrenia na záchranu eurozóny, ktorej pod ťarchou narastajúcich dlhov jej členských krajín hrozil rozpad. Eurovalové záruky bez reálnych peňazí. Pozitíva a negatíva summitu.

Na minha lista:
Detalhes bibliográficos
Autor principal: Hölcz, Róbert
Formato: Capítulo de Livro
Idioma:eslovaco
Assuntos:
Tags: Adicionar Tag
Sem tags, seja o primeiro a adicionar uma tag!

MARC

LEADER 00000naa a2200000 4500
001 0145303
005 20231006124239.0
041 0 |a slo 
044 |a SK 
245 1 0 |a Rekapitalizácia bánk a palebná sila eurovalu  |c Róbert Hölcz 
520 |a Októbrový summit najvyšších predstaviteľov únie schválil konkrétne opatrenia na záchranu eurozóny, ktorej pod ťarchou narastajúcich dlhov jej členských krajín hrozil rozpad. Eurovalové záruky bez reálnych peňazí. Pozitíva a negatíva summitu. 
610 2 0 |a eurozóna 
610 2 0 |a kríza finančná 
610 2 0 |a zadlženosť zahraničná 
610 2 0 |a reštrukturalizácia finančná 
610 2 0 |a banky 
610 2 0 |a summity 
610 2 0 |a spolupráca hospodárska medzinárodná 
100 1 |a Hölcz, Róbert